Técnica rápida para el diagnóstico de la susceptibilidad de los castaños a la enfermedad de la "tinta" / (Record no. 142708)

MARC details
000 -LEADER
campo de control de longitud fija 00735nam a2200193 i 4500
001 - NÚMERO DE CONTROL
campo de control 142708
003 - IDENTIFICADOR DE NÚMERO DE CONTROL
campo de control ES-MaACL
005 - FECHA Y HORA DE LA ÚLTIMA TRANSACCIÓN
campo de control 20230906200611.0
007 - CAMPO FIJO DE DESCRIPCIÓN FÍSICA--INFORMACIÓN GENERAL
campo de control de longitud fija t|
008 - DATOS DE LONGITUD FIJA--INFORMACIÓN GENERAL
campo de control de longitud fija 071009s1962 sp ||||1| spa d
100 1# - ENTRADA PRINCIPAL--NOMBRE DE PERSONA
Nombre de persona Viéitez Cortizo, Ernesto.
9 (RLIN) 114572
245 10 - MENCIÓN DEL TÍTULO
Título Técnica rápida para el diagnóstico de la susceptibilidad de los castaños a la enfermedad de la "tinta" /
Mención de responsabilidad, etc. por Ernesto Vieitez.
260 ## - PUBLICACIÓN, DISTRIBUCIÓN, ETC.
Lugar de publicación, distribución, etc. Madrid :
Nombre del editor, distribuidor, etc. [s.n.,
Fecha de publicación, distribución, etc. 1962]
300 ## - DESCRIPCIÓN FÍSICA
Extensión 10 p., 2 h. de lám. :
Otras características físicas il. ;
Dimensiones 24 cm.
500 ## - NOTA GENERAL
Nota general Precede al tít.: Instituto Forestal de Investigaciones y Experiencias.
650 14 - PUNTO DE ACCESO ADICIONAL DE MATERIA--TÉRMINO DE MATERIA
Término de materia o nombre geográfico como elemento de entrada Castaños.
9 (RLIN) 10816
710 2# - ENTRADA AGREGADA--NOMBRE DE ENTIDAD CORPORATIVA
Nombre de entidad corporativa o nombre de jurisdicción como elemento de entrada Instituto Forestal de Investigaciones y Experiencias.
9 (RLIN) 5059
852 ## - LOCALIZACIÓN
Ubicación ES-MaACL
Número de control de estantería 1970-F-23
Sublocalización o colección R.55160
Holdings
Estatus retirado Estado de pérdida Estado de daño No para préstamo Colección Biblioteca de origen Biblioteca actual Ubicación en estantería Fecha de adquisición Fuente de adquisición Total de préstamos Signatura topográfica completa Código de barras Visto por última vez Precio de reemplazo Tipo de ítem Koha
        Colección de folletos Biblioteca del Ateneo de Madrid Biblioteca del Ateneo de Madrid Depósito folletos 17/01/2008     1970-F-23 1148486 23/02/2023 23/02/2023 Folleto